000 00629nam a2200205Ia 4500
005 20260601193246.0
008 260601s9999||||xx |||||||||||||| ||und||
020 _a978-981-97-4249-3
_qebk
100 _aGo Irie
245 0 _aFrontiers of Computer Vision
250 _a2024
260 _aHeidelberg, Germany
_bSpringer Nature
_c2024
440 _aCommunications in Computer and Information Science
650 _aComputer Science
700 _aChoonsung Shin
700 _aKazuaki Nakamura
700 _aTakashi Shibata
856 _uhttps://link.springer.com/openurl?genre=book&isbn=978-981-97-4249-3
942 _cEB
_2ddc
999 _c56573
_d56573